000 00338 a2200157 4500
001 160738
020 _a
040 _cMagnum
100 _aPinto, Jose Pimentel
240 1 0 _aDona baratinha da silva so
_lpor
245 1 0 _aDona baratinha da silva so
362 0 _a1899
440 1 _aDo Brasil
697 _aIJ/ANIMAIS
942 _cBK
999 _c160738
_d160738